Jugando con la computadora : (Registro nro. 14805)

Detalles MARC
000 -LIDER
fixed length control field 01033nam a22002897a 4500
001 - NÚMERO DE CONTROL
Identificador de número de control 002357
003 - IDENTIFICACDOR DE NÚMERO DE CONTROL
control field DO-SdBNP
005 - DATE AND TIME OF LATEST TRANSACTION
control field 20240906135025.0
007 - CAMPOS FIJOS DE DESCRIPCIÓN FÍSICA
fixed length control field 002357
008 - ELEMENTOS DE LONGITUD FIJA
fixed length control field 160511b2003 ar|| 00| 0 spa d
020 ## - ISBN
International Standard Book Number 9509972568
040 ## - FUENTE DE CATALOGACIÓN
Agencia que crea de manera original el registro BPMSU
Idioma de catalogación spa
Agencia que realiza la transcripción BPMSU
082 #4 - NÚMERO DE CLASIFICACIÓN DECIMAL DE DEWEY
Classification number 372.34
Item number A387J 2003
Edition number 22
100 1# - ASIENTO PRINCIPAL -- NOMBRE PERSONAL
Término de relación Rosa Gabriela Alfle
245 ## - MENCIÓN DE TITULO
Título Jugando con la computadora :
Subtítulo y a conquistar el futuro /
Medio (Designación general de material) Rosa Gabriela Alfle ; dirección Marta Lucia Ghiglioni
260 ## - PUBLICACIÓN, DISTRIBUCIÓN, ETC. (PIE DE IMPRENTA)
Lugar de publicación, distribución, etc Santo Domingo :
Nombre del editor, distribuidor, etc. Santillana,
Fecha de publicación, distribución, etc 2014
300 ## - DESCRIPCIÓN FÍSICA
Extensión 144 p. :
Otros detalles físicos il. ;
Dimensiones 29 cm.
490 ## - MENCIÓN DE SERIES
Mención de serie Todos juntos
500 ## - NOTA GENERAL
Nota general
505 ## - NOTA DE CONTENIDO
Título Conozco más la computadora --
-- Trabajo en windwos --
-- Escribo textos en wordpad --
-- Empiezo a dibujar con paint --
-- Aprendo Word --
-- Utilizo la internet --
650 #4 - ENCABEZAMIENTO DE MATERIA--TEMÁTICO
Término temático o nombre geográfico como elemento de entrada Materia Informática
Subdivisión temática general Enseñanza preescolar
650 #4 - ENCABEZAMIENTO DE MATERIA--TEMÁTICO
Término temático o nombre geográfico como elemento de entrada Creatividad educativa
700 1# - ASIENTO SECUNDARIO -- NOMBRE PERSONAL
Nombre personal Barone, Luis Roberto
Mención de responsabilidad director
710 2# - ASIENTO SECUNDARIO -- NOMBRE CORPORATIVO
Nombre corporativo o de jurisdicción Lexus Editores
910 ## - VALIDACIÓN
Validación VMateo V. Control de calidad. BPMSU
942 ## - ADDED ENTRY ELEMENTS (KOHA)
Source of classification or shelving scheme Dewey Decimal Classification
Koha item type Libros
Existencias
Withdrawn status Lost status Source of classification or shelving scheme Damaged status Not for loan Collection code Home library Current library Date acquired Source of acquisition Total Checkouts Full call number Barcode Date last seen Copy number Price effective from Koha item type
    Dewey Decimal Classification     Colección Infantil General Biblioteca Pública Metropolitana Salomé Ureña Biblioteca Pública Metropolitana Salomé Ureña 09/06/2024 Compra   BPMSU CGI 372.34 A387J 2003 BPMSU24090024 09/06/2024 v.1 09/06/2024 Libros
    Dewey Decimal Classification     Colección Infantil General Biblioteca Pública Metropolitana Salomé Ureña Biblioteca Pública Metropolitana Salomé Ureña 09/06/2024 Compra   BPMSU CGI 372.34 A387J 2003 BPMSU24090025 09/06/2024 v.2 09/06/2024 Libros